000
00336nam a22001457a 4500
008
250605b |||||||| |||| 00| 0 eng d
020
_a
9782049144
050
_a
PL 4563
_b
.U 86
100
_a
Usman Bukar
245
_a
Taskar tatsuniyoyi
260
_a
Kano
_b
Gidan dabino
_c
2022
300
_a
699p
650
_a
Fiction
942
_c
BK
999
_c
3799
_d
3799